[Event "Dieren op"]
[Site "Dieren"]
[Date "2022.07.26"]
[Round "1"]
[White "Baselmans, Luuk"]
[Black "Zwirs, Jasper"]
[Result "0-1"]
[WhiteElo "2256"]
[BlackElo "2105"]
[PlyCount "108"]
[EventDate "2022.07.26"]
[EventType "swiss"]
[EventRounds "9"]
[EventCountry "NED"]
[SourceTitle "CBM 209 Extra"]
[Source "ChessBase"]
[SourceDate "2022.09.30"]
[SourceVersion "1"]
[SourceVersionDate "2022.09.30"]
[SourceQuality "1"]

1. e4 c5 2. Nf3 d6 3. Bb5+ Nd7 4. Ba4 Ngf6 5. 0-0 e6 6. Re1 a6 7. c4 Be7 8. Nc3 0-0 9. d3 Nb6 10. Bb3 e5 11. h3 h6 12. Nh2 Nh7 13. f4 exf4 14. Bxf4 Bg5 15. Qd2 Bxf4 16. Qxf4 Ng5 17. Kh1 Ne6 18. Qg3 Nd4 19. Nf3 Nxf3 20. Qxf3 Nd7 21. Qe3 Ne5 22. Rad1 Qh4 23. Kg1 Be6 24. Rf1 Rae8 25. Ba4 Rd8 26. a3 f5 27. Qf4 Qe7 28. Qg3 f4 29. Rxf4 Rxf4 30. Qxf4 Rf8 31. Qe3 Rf6 32. Rf1 Rg6 33. Ne2 Qh4 34. Be8 Rg5 35. Kh1 Bg4 36. Nf4 Nf3 37. Rxf3 Bxf3 38. Qxf3 Rg3 39. Qf2 g5 40. Bf7+ Kh7 41. Bg6+ Kh8 42. b4 gxf4 43. Qb2+ Kg8 44. Bf5 Rg7 45. Be6+ Kf8 46. Qa1 f3 47. gxf3 h5 48. bxc5 dxc5 49. Bf5 Qg5 50. Qf1 Qe3 51. a4 Rg3 52. Kh2 Rxf3 53. Qd1 Rf2+ 54. Kh1 Re2 0-1

[Event "Groningen op 57th"]
[Site "Groningen"]
[Date "2019.12.29"]
[Round "8"]
[White "Zwirs, Jasper"]
[Black "Varshini, Veileven"]
[Result "0-1"]
[WhiteElo "2062"]
[BlackElo "2227"]
[PlyCount "98"]
[EventDate "2019.12.21"]
[EventType "swiss"]
[EventRounds "9"]
[EventCountry "NED"]
[SourceTitle "CBM 194 Extra"]
[Source "ChessBase"]
[SourceDate "2020.03.31"]
[SourceVersion "1"]
[SourceVersionDate "2020.03.31"]
[SourceQuality "1"]

1. e4 c5 2. Nf3 d6 3. d4 cxd4 4. Nxd4 Nf6 5. Nc3 a6 6. Bg5 e6 7. f4 Be7 8. Qf3 Qc7 9. 0-0-0 Nbd7 10. Bd3 h6 11. Qh3 Nc5 12. f5 e5 13. Bxf6 Bxf6 14. Nb3 Bd7 15. Bc4 b5 16. Bd5 Rb8 17. Nxc5 Qxc5 18. Qd3 Bg5+ 19. Kb1 b4 20. Ne2 Bb5 21. Qf3 Qe3 22. Qh5 0-0 23. Rhe1 Qf2 24. f6 Qxf6 25. Rf1 g6 26. Qg4 Qe7 27. g3 Kg7 28. h4 h5 29. Qf3 Bh6 30. g4 hxg4 31. Qxg4 Bd7 32. Qg2 Qxh4 33. Rh1 Qg5 34. Ng3 Qg4 35. Rdg1 Be3 36. Nh5+ gxh5 37. Qf1 Bxg1 38. Rxg1 a5 39. b3 f5 40. exf5 Bxf5 41. Rxg4+ hxg4 42. Qa6 Rbc8 43. Bc4 Rf6 44. Bd3 e4 45. Bxe4 Rc5 46. Qa8 g3 47. Bd5 Bxc2+ 48. Kb2 Bh7 49. Be4 Rf2+ 0-1

[Event "Groningen op 56th"]
[Site "Groningen"]
[Date "2018.12.30"]
[Round "9"]
[White "Zwirs, Jasper"]
[Black "Van Baar, Esper"]
[Result "0-1"]
[WhiteElo "2127"]
[BlackElo "2205"]
[PlyCount "62"]
[EventDate "2018.12.22"]
[EventType "swiss"]
[EventRounds "9"]
[EventCountry "NED"]
[SourceTitle "CBM 188 Extra"]
[Source "ChessBase"]
[SourceDate "2019.02.26"]
[SourceVersion "1"]
[SourceVersionDate "2019.02.26"]
[SourceQuality "1"]

1. e4 c5 2. Nf3 d6 3. d4 cxd4 4. Nxd4 Nf6 5. Nc3 a6 6. Bg5 Nbd7 7. Qe2 e6 8. f4 Qc7 9. g4 Be7 10. 0-0-0 b5 11. a3 Bb7 12. Bg2 Rc8 13. Bxf6 Nxf6 14. g5 Nd7 15. h4 Nb6 16. h5 Nc4 17. Rh3 Qa5 18. Nb3 Qb6 19. Rdh1 a5 20. g6 Bf6 21. gxf7+ Kxf7 22. e5 Bxg2 23. Qxg2 dxe5 24. h6 exf4 25. hxg7 Rhg8 26. Qe4 b4 27. axb4 axb4 28. Nd5 exd5 29. Qxd5+ Qe6 30. Qb7+ Ke8 31. Rxh7 Qc6 0-1

[Event "Groningen op 56th"]
[Site "Groningen"]
[Date "2018.12.22"]
[Round "1"]
[White "Zwirs, Jasper"]
[Black "Maatman, Nick"]
[Result "0-1"]
[WhiteElo "2127"]
[BlackElo "2363"]
[PlyCount "52"]
[EventDate "2018.12.22"]
[EventType "swiss"]
[EventRounds "9"]
[EventCountry "NED"]
[SourceTitle "CBM 188 Extra"]
[Source "ChessBase"]
[SourceDate "2019.02.26"]
[SourceVersion "1"]
[SourceVersionDate "2019.02.26"]
[SourceQuality "1"]

1. e4 e6 2. d4 d5 3. Nc3 Bb4 4. e5 Ne7 5. Qg4 c5 6. a3 Qa5 7. Bd2 cxd4 8. Qxd4 Nbc6 9. Qh4 d4 10. Ne4 Bxd2+ 11. Nxd2 Qxe5+ 12. Be2 Ng6 13. Qg3 0-0 14. Ngf3 Qf6 15. 0-0 e5 16. Rfe1 Bf5 17. Bd3 Bxd3 18. cxd3 Qd8 19. Nc4 f6 20. b4 b5 21. Nb2 a5 22. bxa5 Rxa5 23. Nd2 Qd5 24. h3 Rfa8 25. Qg4 Nce7 26. Nb1 Nf4 0-1

[Event "Dieren op"]
[Site "Dieren"]
[Date "2018.07.27"]
[Round "4"]
[White "Zwirs, Jasper"]
[Black "Ojas, Kulkarni"]
[Result "0-1"]
[WhiteElo "2124"]
[BlackElo "2226"]
[PlyCount "74"]
[EventDate "2018.07.24"]
[EventType "tourn"]
[EventRounds "9"]
[EventCountry "NED"]
[SourceTitle "CBM 185 Extra"]
[Source "ChessBase"]
[SourceDate "2018.07.29"]
[SourceVersion "1"]
[SourceVersionDate "2018.07.29"]
[SourceQuality "1"]

1. e4 e5 2. Nf3 Nc6 3. Bc4 Nf6 4. d3 h6 5. 0-0 d6 6. c3 Qe7 7. b4 g5 8. Re1 g4 9. Nfd2 h5 10. Nf1 Be6 11. Nbd2 Bh6 12. d4 exd4 13. cxd4 Nxd4 14. Bb2 Nc6 15. Qa4 Bd7 16. e5 Nxe5 17. b5 0-0 18. Qc2 Rae8 19. Bb3 Bxb5 20. Ng3 Bd7 21. Nde4 h4 22. Nxf6+ Qxf6 23. Ne4 Qg6 24. Qxc7 Bc6 25. Bxe5 dxe5 26. Bc2 Bg7 27. Re2 Rc8 28. Qe7 Bb5 29. Nc3 Bxe2 30. Bxg6 Rxc3 31. Be4 Rfc8 32. f3 g3 33. hxg3 hxg3 34. Bh7+ Kxh7 35. Qh4+ Bh6 36. Qe4+ Kg8 37. Qg4+ Kh8 0-1

[Event "NED-ch U21"]
[Site "Rotterdam"]
[Date "2014.05.02"]
[Round "7"]
[White "Wiegers, Kasper"]
[Black "Zwirs, Jasper"]
[Result "1-0"]
[WhiteElo "1889"]
[BlackElo "1933"]
[PlyCount "45"]
[EventDate "2014.04.26"]
[EventType "swiss"]
[EventRounds "9"]
[EventCountry "NED"]
[SourceTitle "EXT 2016"]
[Source "ChessBase"]
[SourceDate "2015.10.08"]
[SourceVersion "1"]
[SourceVersionDate "2015.10.08"]
[SourceQuality "1"]

1. e4 c5 2. Nf3 d6 3. d4 cxd4 4. Nxd4 Nf6 5. Nc3 a6 6. Be3 e5 7. Nf3 Be6 8. Ng5 Be7 9. Nxe6 fxe6 10. Bc4 Qc8 11. Bb3 b5 12. g4 0-0 13. g5 Ne8 14. Nd5 Bd8 15. Qg4 Kh8 16. Qh3 g6 17. 0-0-0 Nc6 18. Nc3 Ng7 19. Rxd6 Nd4 20. Bxd4 exd4 21. Rxd4 Bxg5+ 22. Kb1 Rxf2 23. Qg3 1-0

[Event "NED-ch U21"]
[Site "Rotterdam"]
[Date "2014.04.29"]
[Round "4"]
[White "Zwirs, Jasper"]
[Black "Dubbeldam, Mathijs"]
[Result "1-0"]
[WhiteElo "1933"]
[BlackElo "1364"]
[PlyCount "125"]
[EventDate "2014.04.26"]
[EventType "swiss"]
[EventRounds "9"]
[EventCountry "NED"]
[SourceTitle "EXT 2016"]
[Source "ChessBase"]
[SourceDate "2015.10.08"]
[SourceVersion "1"]
[SourceVersionDate "2015.10.08"]
[SourceQuality "1"]

1. e4 e6 2. d4 b6 3. Nf3 Bb7 4. Bd3 c5 5. c3 cxd4 6. cxd4 Bb4+ 7. Nc3 Ne7 8. 0-0 0-0 9. Bg5 f6 10. Bh4 Na6 11. Rc1 Nc7 12. a3 Bd6 13. Ne2 Ng6 14. Bg3 Bxg3 15. hxg3 Ne7 16. Nh4 f5 17. exf5 Nxf5 18. Nxf5 exf5 19. Nf4 Rc8 20. Qb3+ Kh8 21. Rfe1 Qg5 22. d5 Ne8 23. Rxc8 Bxc8 24. Qa4 a5 25. b4 axb4 26. Qxb4 Qf6 27. Rb1 Qd6 28. Qxd6 Nxd6 29. Rxb6 Ne4 30. Bxe4 fxe4 31. a4 Kg8 32. a5 Rf6 33. Kf1 Rxb6 34. axb6 Ba6+ 35. Ke1 Kf7 36. Kd2 g5 37. Ne2 Kf6 38. Ke3 Ke5 39. Nc3 h6 40. Na2 Bb7 41. Nc3 d6 42. f3 exf3 43. gxf3 h5 44. f4+ gxf4+ 45. gxf4+ Kf5 46. Ne4 Bxd5 47. Nxd6+ Ke6 48. b7 Bxb7 49. Nxb7 h4 50. Nc5+ Kf5 51. Ne4 h3 52. Kf3 h2 53. Ng3+ Kg6 54. Kg4 Kf6 55. Kh3 h1Q+ 56. Nxh1 Kf5 57. Kg3 Kg6 58. Kg4 Kf6 59. f5 Kg7 60. Kg5 Kf7 61. f6 Kg8 62. Kg6 Kf8 63. f7 1-0

[Event "NED-ch U21"]
[Site "Rotterdam"]
[Date "2014.04.27"]
[Round "2"]
[White "Zwirs, Jasper"]
[Black "Koning, Erwin"]
[Result "1-0"]
[WhiteElo "1933"]
[BlackElo "1609"]
[PlyCount "47"]
[EventDate "2014.04.26"]
[EventType "swiss"]
[EventRounds "9"]
[EventCountry "NED"]
[SourceTitle "EXT 2016"]
[Source "ChessBase"]
[SourceDate "2015.10.08"]
[SourceVersion "1"]
[SourceVersionDate "2015.10.08"]
[SourceQuality "1"]

1. e4 b6 2. d4 Bb7 3. Bd3 e6 4. Nf3 Be7 5. 0-0 Nf6 6. Re1 0-0 7. c4 c5 8. d5 Ne8 9. Nc3 Ba6 10. Qe2 g6 11. Bh6 Ng7 12. Rad1 Bb7 13. Bb1 Qc8 14. e5 Rd8 15. Ng5 exd5 16. cxd5 Bxg5 17. Bxg5 Re8 18. Ne4 Na6 19. Nf6+ Kh8 20. Nxe8 Qxe8 21. Bf6 Nc7 22. e6 dxe6 23. Bxg7+ Kxg7 24. Qe5+ 1-0

[Event "NED-ch U21"]
[Site "Rotterdam"]
[Date "2014.04.26"]
[Round "1"]
[White "Von Meijenfeldt, Bart"]
[Black "Zwirs, Jasper"]
[Result "1-0"]
[WhiteElo "2270"]
[BlackElo "1933"]
[PlyCount "107"]
[EventDate "2014.04.26"]
[EventType "swiss"]
[EventRounds "9"]
[EventCountry "NED"]
[SourceTitle "EXT 2016"]
[Source "ChessBase"]
[SourceDate "2015.10.08"]
[SourceVersion "1"]
[SourceVersionDate "2015.10.08"]
[SourceQuality "1"]

1. c4 c6 2. e4 d5 3. exd5 cxd5 4. cxd5 Qxd5 5. Nc3 Qa5 6. d4 Nf6 7. Bc4 e6 8. Nf3 Be7 9. 0-0 0-0 10. Re1 Nc6 11. Bf4 a6 12. Qe2 Nd5 13. Bd2 Qd8 14. Rad1 b5 15. Bb3 Bb7 16. Bc2 Ncb4 17. Bb1 Nf6 18. a3 Nbd5 19. Ne4 Qb6 20. Ng3 Rfd8 21. Qd3 g6 22. h4 Bd6 23. Ng5 Bxg3 24. Qxg3 Ne7 25. d5 Nexd5 26. Rxe6 Qd4 27. Ree1 Qg4 28. Qxg4 Nxg4 29. h5 Ngf6 30. hxg6 hxg6 31. Ba2 Rd7 32. Ba5 Bc6 33. Rd4 Raa7 34. Red1 Kg7 35. f3 Kh6 36. Ne4 Nxe4 37. fxe4 Nf6 38. e5 Rxd4 39. Rxd4 Rd7 40. Bd2+ Kh7 41. Rh4+ Kg8 42. Rh6 Nd5 43. Bg5 Kg7 44. Rh4 f6 45. exf6+ Nxf6 46. Bh6+ Kh8 47. Bf4+ Kg7 48. Bh6+ Kh8 49. Bf8+ Nh7 50. Bb4 Rd1+ 51. Kf2 Bd5 52. Ke2 Bxa2 53. Kxd1 Kg8 54. Rd4 1-0

[Event "Haarlem Nova College op-A 12th"]
[Site "Haarlem"]
[Date "2013.06.29"]
[Round "4"]
[White "Zwirs, Jasper"]
[Black "Schoehuys, Erik"]
[Result "1/2-1/2"]
[WhiteElo "1904"]
[BlackElo "2196"]
[PlyCount "100"]
[EventDate "2013.06.28"]
[EventType "swiss"]
[EventRounds "6"]
[EventCountry "NED"]
[SourceTitle "EXT 2015"]
[Source "ChessBase"]
[SourceDate "2014.11.20"]
[SourceVersion "1"]
[SourceVersionDate "2014.11.20"]
[SourceQuality "1"]

1. e4 e5 2. Nf3 d6 3. d4 Nf6 4. Nc3 Nbd7 5. Bc4 Be7 6. 0-0 exd4 7. Nxd4 Nb6 8. Bd3 0-0 9. Bg5 c6 10. Qf3 h6 11. Bd2 Nbd7 12. Qg3 Ne5 13. Kh1 Nh5 14. Qe3 Nf4 15. Nce2 Nfxd3 16. cxd3 c5 17. Nf5 Bxf5 18. exf5 Bf6 19. Bc3 Re8 20. Qd2 d5 21. Bxe5 Bxe5 22. d4 cxd4 23. Nxd4 Qb6 24. Nb3 Red8 25. Rfd1 Qf6 26. Nd4 Bxd4 27. Qxd4 Qxf5 28. Rd3 Rd6 29. Rf3 Qe4 30. Qc5 Rd7 31. Rd1 d4 32. Rfd3 b6 33. Qb5 Rad8 34. h3 Rd5 35. Qc6 Qe2 36. R1d2 Qe1+ 37. Kh2 Qe5+ 38. g3 h5 39. h4 R8d7 40. Qc8+ Kh7 41. Qc2 g6 42. Re2 Qf6 43. Kg2 Rc5 44. Qd1 Qc6+ 45. f3 Qf6 46. Re4 Rcd5 47. b4 Qd6 48. Qd2 a5 49. a3 axb4 50. axb4 Qf6 1/2-1/2

[Event "NED-ch U17"]
[Site "Sneek"]
[Date "2013.04.27"]
[Round "1"]
[White "Zwirs, Jasper"]
[Black "Dubbeldam, Mathijs"]
[Result "1-0"]
[WhiteElo "1937"]
[BlackElo "1320"]
[PlyCount "65"]
[EventDate "2013.04.27"]
[EventType "swiss"]
[EventRounds "9"]
[EventCountry "NED"]
[SourceTitle "EXT 2014"]
[Source "ChessBase"]
[SourceDate "2013.11.20"]
[SourceVersion "1"]
[SourceVersionDate "2013.11.20"]
[SourceQuality "1"]

1. e4 e6 2. d4 b6 3. Bd3 Bb7 4. Nf3 c5 5. c3 cxd4 6. cxd4 Bb4+ 7. Nc3 Ne7 8. 0-0 0-0 9. a3 Bxc3 10. bxc3 f5 11. Re1 h6 12. Qe2 Qe8 13. c4 Nbc6 14. d5 Na5 15. Bd2 Nb3 16. Rab1 Nc5 17. Bb4 Nxd3 18. Qxd3 fxe4 19. Qxe4 Qd8 20. Qg4 Rf6 21. Nh4 Nf5 22. Bc3 Nxh4 23. Qxh4 Rg6 24. Qe4 Qg5 25. f4 Qh5 26. Rbd1 exd5 27. cxd5 Re6 28. Qd4 Rxe1+ 29. Rxe1 Qg6 30. Re7 Qb1+ 31. Kf2 Qc2+ 32. Kf3 Qg6 33. Rxg7+ 1-0

[Event "Hilversum op-A"]
[Site "Hilversum"]
[Date "2012.06.22"]
[Round "1"]
[White "Zwirs, Jasper"]
[Black "Castaneda, Georgui"]
[Result "0-1"]
[WhiteElo "2054"]
[BlackElo "2522"]
[PlyCount "69"]
[EventDate "2012.06.22"]
[EventType "swiss"]
[EventRounds "6"]
[EventCountry "NED"]
[SourceTitle "CBM 149 Extra"]
[Source "ChessBase"]
[SourceDate "2012.08.24"]
[SourceVersion "1"]
[SourceVersionDate "2012.08.24"]
[SourceQuality "1"]

1. e4 e6 2. d4 d5 3. Nc3 Nf6 4. e5 Nfd7 5. f4 c5 6. Nf3 Nc6 7. Be3 Rb8 8. Qd2 Qa5 9. dxc5 Bxc5 10. Nd4 Nxd4 11. Bxd4 0-0 12. 0-0-0 b5 13. Kb1 Bxd4 14. Qxd4 b4 15. Ne2 Nc5 16. Nc1 Bd7 17. h4 Rfc8 18. g4 Qc7 19. Rh2 a5 20. Bd3 a4 21. Rg1 a3 22. b3 Bb5 23. g5 Bxd3 24. Nxd3 Ne4 25. Rgg2 Rb6 26. h5 Qa7 27. Ne1 Nc3+ 28. Ka1 Nb5 29. Qg1 Qc7 30. Nd3 Rc6 31. h6 g6 32. Qc1 Qb6 33. Kb1 Qd4 34. Qg1 Qe4 35. Re2 0-1

[Event "NED-ch U17"]
[Site "Haarlem"]
[Date "2012.05.06"]
[Round "9"]
[White "Mollema, Thomas"]
[Black "Zwirs, Jasper"]
[Result "1-0"]
[WhiteElo "2008"]
[BlackElo "1896"]
[PlyCount "77"]
[EventDate "2012.04.28"]
[EventType "swiss"]
[EventRounds "9"]
[EventCountry "NED"]
[SourceTitle "EXT 2013"]
[Source "ChessBase"]
[SourceDate "2012.11.22"]
[SourceVersion "1"]
[SourceVersionDate "2012.11.22"]
[SourceQuality "1"]

1. e4 c5 2. Nf3 d6 3. d4 cxd4 4. Nxd4 Nf6 5. Nc3 a6 6. Qe2 e5 7. Nf5 Nc6 8. Bg5 Be6 9. 0-0-0 Bxf5 10. exf5 Be7 11. g3 Qa5 12. Bg2 Rc8 13. Bxf6 gxf6 14. a3 b5 15. Bxc6+ Rxc6 16. Nd5 Qd8 17. Qg4 h5 18. Qg7 Rf8 19. f4 Qc8 20. Ne3 a5 21. Rd2 b4 22. a4 b3 23. Re1 e4 24. Ree2 Rc5 25. Rd4 Qc6 26. Qh7 Rc3 27. bxc3 Qxc3 28. Rd1 d5 29. Kb1 bxc2+ 30. Nxc2 Qb3+ 31. Kc1 Ba3+ 32. Nxa3 Qxa3+ 33. Rb2 Ke7 34. Kb1 Qxa4 35. Rxd5 Qc6 36. Rxa5 Qc3 37. Rb7+ Kd6 38. Ra6+ Kd5 39. Rd7+ 1-0

[Event "NED-ch U17"]
[Site "Haarlem"]
[Date "2012.05.01"]
[Round "4"]
[White "Vastenhout, Raimond"]
[Black "Zwirs, Jasper"]
[Result "0-1"]
[WhiteElo "1686"]
[BlackElo "1896"]
[PlyCount "92"]
[EventDate "2012.04.28"]
[EventType "swiss"]
[EventRounds "9"]
[EventCountry "NED"]
[SourceTitle "EXT 2013"]
[Source "ChessBase"]
[SourceDate "2012.11.22"]
[SourceVersion "1"]
[SourceVersionDate "2012.11.22"]
[SourceQuality "1"]

1. e4 c5 2. Nc3 a6 3. f4 e6 4. Nf3 b5 5. d3 Bb7 6. Be2 Nc6 7. Be3 d6 8. 0-0 Nf6 9. Qe1 Qc7 10. Kh1 Be7 11. d4 cxd4 12. Nxd4 Nxd4 13. Bxd4 0-0 14. e5 Ne4 15. Nxe4 Bxe4 16. c3 dxe5 17. Bxe5 Qc6 18. Bf3 Bxf3 19. Rxf3 Rfe8 20. Bxg7 Kxg7 21. Qe5+ f6 22. Rg3+ Kh8 23. Qh5 Rg8 24. Rxg8+ Rxg8 25. Qh3 Qd5 26. a3 Rd8 27. Re1 f5 28. b4 Qd2 29. Rf1 Qe2 30. Qf3 Qxf3 31. gxf3 Kg7 32. Re1 Kf6 33. Rc1 Rd3 34. Kg2 Bd6 35. Kg3 e5 36. c4 exf4+ 37. Kg2 bxc4 38. Rxc4 Rxa3 39. Rc6 Ke6 40. Rb6 Ra4 41. b5 Ra2+ 42. Kg1 a5 43. Rb7 a4 44. Rxh7 a3 45. b6 Rb2 46. Ra7 Rxb6 0-1

[Event "NED-ch U15"]
[Site "Haarlem"]
[Date "2011.05.05"]
[Round "6"]
[White "Zwirs, Jasper"]
[Black "Bekkink, Sereyo"]
[Result "0-1"]
[WhiteElo "1865"]
[BlackElo "1855"]
[PlyCount "82"]
[EventDate "2011.04.30"]
[EventType "swiss"]
[EventRounds "9"]
[EventCountry "NED"]
[SourceTitle "EXT 2012"]
[Source "ChessBase"]
[SourceDate "2011.11.24"]
[SourceVersion "1"]
[SourceVersionDate "2011.11.24"]
[SourceQuality "1"]

1. e4 c5 2. c3 d5 3. exd5 Qxd5 4. d4 Nf6 5. Nf3 e6 6. Be3 cxd4 7. cxd4 Be7 8. Nc3 Qd8 9. Bd3 0-0 10. 0-0 b6 11. Ne5 Bb7 12. Qc2 Na6 13. a3 Nc7 14. Rfd1 Rc8 15. Qd2 b5 16. f3 a6 17. Rac1 Nfd5 18. Bb1 Nxe3 19. Qxe3 Bg5 20. f4 Bh6 21. Be4 Bxe4 22. Qxe4 Ne8 23. Ne2 Nf6 24. Qb7 Rxc1 25. Rxc1 Bxf4 26. Rf1 Bxe5 27. dxe5 Ng4 28. Qxa6 Qd3 29. h3 Ne3 30. Ng3 Nxf1 31. Nxf1 Qd4+ 32. Kh1 Qxe5 33. a4 bxa4 34. Qxa4 Qxb2 35. Ng3 Qe5 36. Ne4 Rc8 37. g3 f5 38. Nf2 Qxg3 39. Qd7 Rc1+ 40. Nd1 Qf3+ 41. Kh2 Rc2+ 0-1

[Event "NED-ch U15"]
[Site "Haarlem"]
[Date "2011.05.04"]
[Round "5"]
[White "Engelberts, Robin"]
[Black "Zwirs, Jasper"]
[Result "1/2-1/2"]
[WhiteElo "1826"]
[BlackElo "1865"]
[PlyCount "44"]
[EventDate "2011.04.30"]
[EventType "swiss"]
[EventRounds "9"]
[EventCountry "NED"]
[SourceTitle "EXT 2012"]
[Source "ChessBase"]
[SourceDate "2011.11.24"]
[SourceVersion "1"]
[SourceVersionDate "2011.11.24"]
[SourceQuality "1"]

1. e4 c5 2. Nf3 g6 3. d4 cxd4 4. Nxd4 Bg7 5. c4 Nc6 6. Be3 d6 7. Nc3 Nf6 8. Be2 Bd7 9. 0-0 0-0 10. f3 Nxd4 11. Bxd4 Bc6 12. Qd2 Qa5 13. Rfc1 Rfc8 14. Rab1 Qd8 15. Kh1 a5 16. b3 Qf8 17. Be3 h5 18. a3 Kh7 19. Nd5 Bxd5 20. cxd5 Bh6 21. Bb5 Bxe3 22. Qxe3 Qh6 1/2-1/2